000 00317nam a22001217a 4500
041 _aENG
100 _aMCAER
245 _aKrishi Hawaman Gat Nihay Sanshoodhan Shifarashi V Vividh Vibhagasathi Sheti Paddhati
260 _aMharashst
_bMCAER
_c2006
300 _a188
650 _aMarhati (33)
856 _uMarhati (33)
999 _c2989
_d2989